000 00850nam a2200289Ia 4500
003 OSt
005 20221006155911.0
006 a|||||r|||| 00| 0
007 ta
008 221006b |||||||| |||| 00| 0 eng d
020 _a0791407500
_c¥5250
020 _a9780791407509
024 _a43,785
037 _bGift, Japan Foundation
_cTextual
040 _aEASL
_cEASL
_beng
041 _2eng
_aeng
082 _aJ451.42, N1
100 _aAnderson Jennifer L.
_9670902
245 0 _aIntroduction to Japanese tea ritual
260 _aAlbany
_bState University of New York Press
_c1991
300 _a364p.
_ccm.
490 _v JEL
650 _a JEL
650 _aJapanese tea ceremony - Urasenke school
_9670903
942 _hJ451.42, N1
_cTEXL
_2CC
999 _c1111877
_d1111877